| 000 | 00453nmm a2200145Ia 4500 | ||
|---|---|---|---|
| 008 | 251105s9999||||xx |||||||||||||||||und|| | ||
| 041 | _aspa | ||
| 100 | _aBermúdez Rodríguez, Mauricio | ||
| 245 | 0 | _aAnfitrión, cómo deleitar a sus comensales | |
| 264 |
_a[Bogotá, Colombia] : _bUniversidad Externado de Colombia, _c2018 |
||
| 300 | _a452 páginas | ||
| 650 | _aCooking | ||
| 856 | _uhttps://public.digitaliapublishing.com/a/70857 | ||
| 942 | _cCF | ||
| 999 |
_c106593 _d106593 |
||